[Event "17. European Team Championship 2009"]
[Site "Novi Sad SRB"]
[Date "2009.10.23"]
[Round "2.93"]
[White "Gustafsson, Jan"]
[Black "Bogut, Zeljko"]
[Result "1-0"]
[WhiteElo "2622"]
[BlackElo "2442"]
[PlyCount "53"]
[EventDate "2009.10.22"]
[EventType "team"]
[EventRounds "9"]
[EventCountry "SER"]
[Source "lmi"]
[SourceDate "2009.10.22"]

1. d4 Nf6 2. c4 e6 3. Nf3 c5 4. d5 exd5 5. cxd5 d6 6. e4 g6 7. Bd3 Bg7 8. O-O
O-O 9. h3 a6 10. a4 Re8 11. Re1 Nbd7 12. Nbd2 Rb8 13. a5 b5 14. axb6 Nxb6 15.
Ra3 a5 16. b3 Nfd7 17. Qc2 Qc7 18. Bb2 Bxb2 19. Qxb2 a4 20. Bb5 axb3 21. Rxb3
c4 22. Nxc4 Nc5 23. Nxb6 Qxb6 24. Bxe8 Qxb3 25. Qf6 Be6 26. dxe6 Rxe8 27. Qxf7+
1-0

[Event "17. European Team Championship 2009"]
[Site "Novi Sad SRB"]
[Date "2009.10.23"]
[Round "2.94"]
[White "Galic, Ivan"]
[Black "Khenkin, Igor"]
[Result "1/2-1/2"]
[WhiteElo "2378"]
[BlackElo "2613"]
[PlyCount "30"]
[EventDate "2009.10.22"]
[EventType "team"]
[EventRounds "9"]
[EventCountry "SER"]
[Source "lmi"]
[SourceDate "2009.10.22"]

1. e4 Nf6 2. Nc3 e5 3. Nf3 d6 4. d4 exd4 5. Nxd4 Be7 6. Be2 O-O 7. O-O Re8 8.
Re1 Bf8 9. Bf1 Nbd7 10. Nb3 a6 11. Bg5 h6 12. Bh4 g5 13. Bg3 Ne5 14. f3 Bg7 15.
Qd2 Be6 1/2-1/2

[Event "17. European Team Championship 2009"]
[Site "Novi Sad SRB"]
[Date "2009.10.23"]
[Round "2.101"]
[White "Stevic, Hrvoje"]
[Black "Socko, Bartosz"]
[Result "1/2-1/2"]
[WhiteElo "2624"]
[BlackElo "2637"]
[PlyCount "32"]
[EventDate "2009.10.22"]
[EventType "team"]
[EventRounds "9"]
[EventCountry "SER"]
[Source "lmi"]
[SourceDate "2009.10.22"]

1. e4 e6 2. d4 d5 3. e5 c5 4. c3 Nc6 5. Nf3 Qb6 6. a3 Bd7 7. b4 cxb4 8. cxb4
Rc8 9. Be3 Nh6 10. Bd3 Ng4 11. O-O Nxe3 12. fxe3 Be7 13. Nbd2 Nb8 14. Nb3 Ba4
15. Qb1 Bxb3 16. Qxb3 O-O 1/2-1/2

[Event "17. European Team Championship 2009"]
[Site "Novi Sad SRB"]
[Date "2009.10.23"]
[Round "2.104"]
[White "Bartel, Mateusz"]
[Black "Jankovic, Alojzije"]
[Result "1-0"]
[WhiteElo "2609"]
[BlackElo "2548"]
[PlyCount "59"]
[EventDate "2009.10.22"]
[EventType "team"]
[EventRounds "9"]
[EventCountry "SER"]
[Source "lmi"]
[SourceDate "2009.10.22"]

1. e4 c5 2. Nf3 d6 3. d4 cxd4 4. Nxd4 Nf6 5. Nc3 Nc6 6. Bc4 Qb6 7. Nb3 e6 8.
O-O Be7 9. Kh1 a6 10. f4 Qc7 11. Bd3 b5 12. Qf3 O-O 13. Bd2 Bb7 14. a4 Nb4 15.
axb5 Nxd3 16. cxd3 axb5 17. Nxb5 Qb6 18. N5d4 Ba6 19. Ba5 Qb7 20. Bc3 Qd7 21.
Ra5 Bb7 22. Rfa1 g6 23. h3 h5 24. Qe3 Rxa5 25. Nxa5 Ba6 26. Nc4 d5 27. Ne5 Qc8
28. f5 dxe4 29. fxg6 exd3 30. Qg5 1-0

[Event "17. European Team Championship 2009"]
[Site "Novi Sad SRB"]
[Date "2009.10.23"]
[Round "2.113"]
[White "Alekseev, Evgeny"]
[Black "Stanojoski, Zvonko"]
[Result "1-0"]
[WhiteElo "2725"]
[BlackElo "2492"]
[PlyCount "116"]
[EventDate "2009.10.22"]
[EventType "team"]
[EventRounds "9"]
[EventCountry "SER"]
[Source "lmi"]
[SourceDate "2009.10.22"]

1. e4 c5 2. Nf3 d6 3. d4 cxd4 4. Nxd4 Nf6 5. Nc3 g6 6. Be3 Bg7 7. f3 Nc6 8. Qd2
O-O 9. O-O-O d5 10. exd5 Nxd5 11. Nxc6 bxc6 12. Bd4 Nxc3 13. Qxc3 Bh6+ 14. Be3
Bxe3+ 15. Qxe3 Qb6 16. Qxe7 Be6 17. Qa3 Rad8 18. Bd3 Rd5 19. b3 Rfd8 20. Rde1
Ra5 21. Qb2 c5 22. Re4 c4 23. Bxc4 Bxc4 24. Rxc4 Qe3+ 25. Kb1 Rad5 26. a4 Qe2
27. g3 Qxf3 28. Re1 Qg2 29. Qc3 Qxh2 30. Rc8 Rxc8 31. Qxc8+ Kg7 32. Qc3+ Kh6
33. Kb2 Rg5 34. Re3 Qg1 35. Rf3 f5 36. Qc7 Qd4+ 37. Ka2 Rg4 38. Rf1 Qd5 39.
Qxa7 Rxg3 40. Rf2 Rh3 41. a5 Qe5 42. Rf1 Qc3 43. Kb1 Qb4 44. Qb6 Qxb6 45. axb6
Re3 46. Kb2 Re6 47. c4 Rxb6 48. c5 Rb8 49. Kc3 g5 50. b4 g4 51. Kc4 g3 52. c6
Kg5 53. b5 f4 54. c7 Rc8 55. b6 g2 56. Rg1 f3 57. Kd4 Kf4 58. b7 f2 1-0

[Event "17. European Team Championship 2009"]
[Site "Novi Sad SRB"]
[Date "2009.10.23"]
[Round "2.121"]
[White "Jones, Richard S"]
[Black "Cheparinov, Ivan"]
[Result "0-1"]
[WhiteElo "2321"]
[BlackElo "2667"]
[PlyCount "56"]
[EventDate "2009.10.22"]
[EventType "team"]
[EventRounds "9"]
[EventCountry "SER"]
[Source "lmi"]
[SourceDate "2009.10.22"]

1. e4 c5 2. Nf3 e6 3. d4 cxd4 4. Nxd4 Nf6 5. Nc3 Qc7 6. Be3 a6 7. Qd2 Nc6 8.
O-O-O Be7 9. f3 h5 10. Qf2 d6 11. Qg3 h4 12. Qf2 Ne5 13. Bd3 b5 14. g4 hxg3 15.
Qxg3 b4 16. Nce2 Nxd3+ 17. Rxd3 g6 18. Kb1 e5 19. Nb3 a5 20. Rhd1 a4 21. Nbc1
d5 22. Qg2 Bh3 23. Qh1 Rc8 24. R3d2 dxe4 25. fxe4 Qc6 26. Ng3 a3 27. Nce2 axb2
28. Kxb2 Qa4 0-1

[Event "17. European Team Championship 2009"]
[Site "Novi Sad SRB"]
[Date "2009.10.23"]
[Round "2.122"]
[White "Delchev, Aleksander"]
[Black "Rees, Ioan"]
[Result "1-0"]
[WhiteElo "2635"]
[BlackElo "2336"]
[PlyCount "96"]
[EventDate "2009.10.22"]
[EventType "team"]
[EventRounds "9"]
[EventCountry "SER"]
[Source "lmi"]
[SourceDate "2009.10.22"]

1. d4 d5 2. c4 e6 3. Nf3 Nf6 4. Nc3 Nbd7 5. cxd5 exd5 6. Bf4 c6 7. Qc2 Be7 8.
h3 O-O 9. e3 Re8 10. Bd3 Nf8 11. O-O Bd6 12. Bxd6 Qxd6 13. Rab1 Be6 14. b4 N6d7
15. Na4 b5 16. Nc5 Nxc5 17. dxc5 Qc7 18. Nd4 a5 19. a4 bxa4 20. b5 cxb5 21.
Bxb5 Bd7 22. c6 Bc8 23. Rfd1 Ne6 24. Bxa4 Nxd4 25. Rxd4 g6 26. Qc5 Be6 27. Rb7
Qe5 28. c7 Rec8 29. e4 Qg5 30. Kh1 Qf6 31. exd5 Bxh3 32. f3 Qe5 33. Re4 Qg3 34.
Qg1 Bf5 35. Qh2 Qf2 36. Qg1 Qg3 37. Rc4 Bd3 38. Rg4 Qd6 39. Bc6 Bf5 40. Rd4 Bd7
41. Bxd7 Qxd7 42. d6 a4 43. Rd1 a3 44. Ra7 a2 45. Qb6 Rxa7 46. Qxa7 h5 47. Kh2
h4 48. Qxa2 Re8 1-0

[Event "17. European Team Championship 2009"]
[Site "Novi Sad SRB"]
[Date "2009.10.23"]
[Round "2.124"]
[White "Bojkov, Dejan"]
[Black "Bennett, Alan"]
[Result "0-1"]
[WhiteElo "2528"]
[BlackElo "2108"]
[PlyCount "63"]
[EventDate "2009.10.22"]
[EventType "team"]
[EventRounds "9"]
[EventCountry "SER"]
[Source "lmi"]
[SourceDate "2009.10.22"]

1. e4 c5 2. c3 d5 3. exd5 Qxd5 4. d4 g6 5. Nf3 Bg7 6. Be3 cxd4 7. cxd4 Nf6 8.
Nc3 Qa5 9. Bc4 O-O 10. O-O Bg4 11. h3 Bxf3 12. Qxf3 Nc6 13. Rad1 Rac8 14. Bb3
e6 15. Rd2 Rfd8 16. Rfd1 Rd7 17. d5 exd5 18. Nxd5 Nxd5 19. Rxd5 Rxd5 20. Bxd5
Qc7 21. b3 a6 22. Bf4 Qe7 23. Rc1 Qd7 24. Qg4 Qe8 25. Rc2 Rd8 26. Re2 Qf8 27.
Bxc6 bxc6 28. Qf3 Qc5 29. Qe4 Bf8 30. Rc2 Qd5 31. Qc4 Qd1+ 32. Kh2 0-1

[Event "17. European Team Championship 2009"]
[Site "Novi Sad SRB"]
[Date "2009.10.23"]
[Round "2.132"]
[White "Esen, Baris"]
[Black "Efimenko, Zahar"]
[Result "1/2-1/2"]
[WhiteElo "2494"]
[BlackElo "2654"]
[PlyCount "135"]
[EventDate "2009.10.22"]
[EventType "team"]
[EventRounds "9"]
[EventCountry "SER"]
[Source "lmi"]
[SourceDate "2009.10.22"]

1. d4 Nf6 2. c4 e6 3. Nf3 d5 4. Nc3 Nbd7 5. cxd5 exd5 6. Bg5 Bb4 7. Rc1 c6 8.
a3 Bd6 9. e3 Nf8 10. Bd3 Ng6 11. Qc2 Bg4 12. Nh4 O-O 13. Bf5 Nxh4 14. Bxh4 Bxf5
15. Qxf5 Qd7 16. Qd3 Ng4 17. Bg3 Rae8 18. Bxd6 Qxd6 19. h3 Nf6 20. O-O Nh5 21.
b4 f5 22. f4 Ng3 23. Rf3 Ne4 24. Qc2 a5 25. Rb1 Ra8 26. Nxe4 fxe4 27. Rff1 axb4
28. axb4 Ra3 29. Rb3 Rfa8 30. Rfb1 b5 31. Rxa3 Rxa3 32. Rb3 Ra6 33. Qc3 Ra4 34.
Rb1 h6 35. Rc1 Ra6 36. Rc2 Kh7 37. Rc1 Qe7 38. Kh2 Qh4 39. Rc2 Qe7 40. Rc1 Qd6
41. Rc2 Kg8 42. Kg1 Kf7 43. Rb2 Ke7 44. Kh2 Kd7 45. Qe1 Ra3 46. Qg3 Qf6 47. Rf2
Ke7 48. Qg4 Kf7 49. Re2 Kg8 50. Kg1 Kh7 51. Kf2 Ra4 52. Rb2 Qg6 53. Rc2 Qxg4
54. hxg4 Ra6 55. f5 g5 56. Kg3 Kg7 57. Rc1 Kf7 58. Rh1 Ra3 59. Rxh6 Rxe3+ 60.
Kf2 Rd3 61. Rh7+ Kf8 62. Rh5 Rxd4 63. Rxg5 Rxb4 64. Rg6 d4 65. g5 e3+ 66. Kf3
Rb2 67. g4 Rf2+ 68. Kg3 1/2-1/2

[Event "17. European Team Championship 2009"]
[Site "Novi Sad SRB"]
[Date "2009.10.23"]
[Round "2.134"]
[White "Firat, Burak"]
[Black "Kryvoruchko, Yuriy"]
[Result "0-1"]
[WhiteElo "2365"]
[BlackElo "2612"]
[PlyCount "108"]
[EventDate "2009.10.22"]
[EventType "team"]
[EventRounds "9"]
[EventCountry "SER"]
[Source "lmi"]
[SourceDate "2009.10.22"]

1. e4 c5 2. Nf3 d6 3. d4 cxd4 4. Nxd4 Nf6 5. Nc3 a6 6. Be3 e6 7. f3 b5 8. Qd2
Nbd7 9. O-O-O Nb6 10. Qf2 Nfd7 11. Kb1 Bb7 12. Bd3 Rc8 13. Nce2 Na4 14. Bc1
Nac5 15. g4 Qc7 16. Rhe1 Be7 17. Ng3 d5 18. Nh5 g6 19. Bf4 Qb6 20. Ng7+ Kd8 21.
exd5 Bxd5 22. Be4 Bc4 23. g5 Rg8 24. Be5 Bf8 25. Bf6+ Kc7 26. b3 Bxg7 27. Bxg7
Rxg7 28. bxc4 e5 29. Qg3 bxc4+ 30. Ka1 Qb4 31. Ne2 Qa3 32. Bd5 Na4 33. Rb1 Nab6
34. Be4 Rgg8 35. Red1 Rgd8 36. Qh4 Nf8 37. Qf2 Qa5 38. f4 Rxd1 39. Rxd1 Ne6 40.
c3 exf4 41. Nxf4 Qxc3+ 42. Kb1 Qb4+ 43. Kc2 Qa4+ 44. Kc1 Qa3+ 45. Kb1 Qb4+ 46.
Kc2 Rd8 47. Nxe6+ fxe6 48. Qf7+ Rd7 49. Rxd7+ Nxd7 50. Qxe6 Qa4+ 51. Kb2 Qb5+
52. Kc2 Qa4+ 53. Kb2 Qb4+ 54. Kc2 c3 0-1

[Event "17. European Team Championship 2009"]
[Site "Novi Sad SRB"]
[Date "2009.10.23"]
[Round "2.141"]
[White "Ragger, Markus"]
[Black "Sulskis, Sarunas"]
[Result "0-1"]
[WhiteElo "2561"]
[BlackElo "2568"]
[PlyCount "92"]
[EventDate "2009.10.22"]
[EventType "team"]
[EventRounds "9"]
[EventCountry "SER"]
[Source "lmi"]
[SourceDate "2009.10.22"]

1. Nf3 d5 2. d4 Nf6 3. c4 e6 4. Nc3 c6 5. Bg5 h6 6. Bxf6 Qxf6 7. e3 Nd7 8. Bd3
Bd6 9. O-O Qe7 10. cxd5 exd5 11. e4 dxe4 12. Bxe4 O-O 13. Re1 Qd8 14. Bc2 Nf6
15. Qd3 Re8 16. Rxe8+ Qxe8 17. Re1 Qd8 18. Nh4 Be6 19. Ne4 Kf8 20. g3 g5 21.
Ng6+ Kg7 22. Ne5 Qa5 23. Re3 Bxe5 24. dxe5 Ng4 25. Nd6 Nxe3 26. Qxe3 Rh8 27. a3
Qd5 28. Qc3 c5 29. Be4 Qd4 30. Bxb7 Rb8 31. Qxd4 cxd4 32. f4 f6 33. f5 Bb3 34.
e6 Rxb7 35. Nxb7 d3 36. e7 d2 37. e8=Q d1=Q+ 38. Kf2 Qc2+ 39. Ke3 Qc1+ 40. Kf2
Qxb2+ 41. Ke1 Qb1+ 42. Kf2 Qc2+ 43. Ke3 Qc3+ 44. Kf2 Qd4+ 45. Qe3 Qb2+ 46. Ke1
Qb1+ 0-1

[Event "17. European Team Championship 2009"]
[Site "Novi Sad SRB"]
[Date "2009.10.23"]
[Round "2.143"]
[White "Kindermann, Stefan"]
[Black "Cmilyte, Viktorija"]
[Result "1/2-1/2"]
[WhiteElo "2529"]
[BlackElo "2477"]
[PlyCount "40"]
[EventDate "2009.10.22"]
[EventType "team"]
[EventRounds "9"]
[EventCountry "SER"]
[Source "lmi"]
[SourceDate "2009.10.22"]

1. e4 c5 2. Nf3 e6 3. c3 Nf6 4. e5 Nd5 5. d4 cxd4 6. cxd4 d6 7. Bc4 Nc6 8. O-O
Be7 9. exd6 Qxd6 10. Nc3 Nxc3 11. bxc3 O-O 12. Re1 b6 13. Ng5 Bxg5 14. Bxg5 h6
15. Bh4 Na5 16. Bd3 Bb7 17. Qg4 f5 18. Qg6 Bd5 19. Re3 Qd7 20. g4 Qf7 1/2-1/2

[Event "17. European Team Championship 2009"]
[Site "Novi Sad SRB"]
[Date "2009.10.23"]
[Round "2.152"]
[White "Sedlak, Nikola"]
[Black "Van Hoolandt, Patrick"]
[Result "1-0"]
[WhiteElo "2571"]
[BlackElo "2229"]
[PlyCount "102"]
[EventDate "2009.10.22"]
[EventType "team"]
[EventRounds "9"]
[EventCountry "SER"]
[Source "lmi"]
[SourceDate "2009.10.22"]

1. d4 Nf6 2. c4 e6 3. Nc3 Bb4 4. a3 Bxc3+ 5. bxc3 c5 6. e3 O-O 7. Bd3 d6 8. e4
Nc6 9. Ne2 e5 10. d5 Ne7 11. f3 Bd7 12. g4 Ne8 13. h4 Qa5 14. Bg5 f6 15. Be3 b5
16. Kf2 bxc4 17. Bxc4 Rb8 18. Bd3 Nc7 19. c4 Rb2 20. Bc1 Ba4 21. Qe1 Qxe1+ 22.
Rxe1 Rb7 23. Nc3 Bd7 24. a4 Na6 25. Ke2 Nb4 26. Bb1 Rfb8 27. Bd2 a6 28. Rc1 Nc8
29. a5 Ne7 30. Kf2 Be8 31. Nd1 g6 32. f4 Bd7 33. g5 Rf8 34. gxf6 Rxf6 35. Kg3
exf4+ 36. Bxf4 Nc8 37. Nf2 Rf7 38. Ra3 h5 39. Re3 Kh7 40. e5 dxe5 41. Rxe5 Bf5
42. Ne4 Bxe4 43. Bxe4 Na2 44. Rf1 Rb3+ 45. Rf3 Rxf3+ 46. Kxf3 Nd6 47. Bxg6+
Kxg6 48. Re6+ Kg7 49. Rxd6 Nb4 50. Ke4 Kf8 51. Re6 Re7 1-0

[Event "17. European Team Championship 2009"]
[Site "Novi Sad SRB"]
[Date "2009.10.23"]
[Round "2.153"]
[White "Ribbegren, Karl Johan"]
[Black "Pikula, Dejan"]
[Result "1/2-1/2"]
[WhiteElo "2158"]
[BlackElo "2562"]
[PlyCount "63"]
[EventDate "2009.10.22"]
[EventType "team"]
[EventRounds "9"]
[EventCountry "SER"]
[Source "lmi"]
[SourceDate "2009.10.22"]

1. c4 e5 2. Nc3 Bb4 3. Qc2 Nc6 4. e3 Nf6 5. Nd5 Nxd5 6. cxd5 Ne7 7. Nf3 Bd6 8.
Bc4 h6 9. O-O O-O 10. d4 exd4 11. Rd1 c6 12. Rxd4 b5 13. dxc6 dxc6 14. Bb3 c5
15. Rd1 Qb6 16. a4 c4 17. Ba2 a6 18. e4 Bc5 19. b3 c3 20. axb5 Be6 21. b4 Bxb4
22. Be3 Bc5 23. Bxc5 Qxc5 24. Bxe6 fxe6 25. bxa6 Nc6 26. Rac1 Rxf3 27. gxf3 Nd4
28. Rxd4 Qxd4 29. Qxc3 Qxc3 30. Rxc3 Rxa6 31. Kg2 Kf7 32. f4 1/2-1/2

[Event "17. European Team Championship 2009"]
[Site "Novi Sad SRB"]
[Date "2009.10.23"]
[Round "2.183"]
[White "Thorfinnsson, Bjorn"]
[Black "Elsness, Frode"]
[Result "1/2-1/2"]
[WhiteElo "2395"]
[BlackElo "2458"]
[PlyCount "67"]
[EventDate "2009.10.22"]
[EventType "team"]
[EventRounds "9"]
[EventCountry "SER"]
[Source "lmi"]
[SourceDate "2009.10.22"]

1. c4 Nf6 2. Nc3 g6 3. g3 Bg7 4. Bg2 O-O 5. Nf3 d5 6. cxd5 Nxd5 7. O-O Nb6 8.
d3 Nc6 9. Be3 e5 10. Qd2 Nd4 11. Bh6 c6 12. Bxg7 Nxf3+ 13. Bxf3 Kxg7 14. b4 Be6
15. b5 cxb5 16. Nxb5 Bd5 17. Bxd5 Nxd5 18. Qb2 Qe7 19. e4 Nc7 20. Nxc7 Qxc7 21.
Rac1 Qe7 22. f4 Rad8 23. Qxe5+ Qxe5 24. fxe5 Rxd3 25. Rc7 Kg8 26. Rb1 Rb8 27.
Rf1 Rf8 28. Rxb7 Ra3 29. Rf2 Ra4 30. Re2 Re8 31. Rb5 Re7 32. Kf2 Ra3 33. Kg2
Kg7 34. Kh3 1/2-1/2

[Event "17. European Team Championship 2009"]
[Site "Novi Sad SRB"]
[Date "2009.10.23"]
[Round "2.184"]
[White "Thomassen, Joachim"]
[Black "Thorfinnsson, Bragi"]
[Result "0-1"]
[WhiteElo "2332"]
[BlackElo "2360"]
[PlyCount "92"]
[EventDate "2009.10.22"]
[EventType "team"]
[EventRounds "9"]
[EventCountry "SER"]
[Source "lmi"]
[SourceDate "2009.10.22"]

1. d4 Nf6 2. c4 e6 3. Nf3 b6 4. g3 Ba6 5. Qc2 c5 6. d5 exd5 7. cxd5 g6 8. Bg2
d6 9. O-O Bg7 10. Nc3 O-O 11. a4 Re8 12. Re1 Bc8 13. e4 Na6 14. Bf4 Nb4 15. Qd2
Nh5 16. Bg5 f6 17. Be3 f5 18. Ng5 fxe4 19. Bxe4 Nf6 20. Bg2 Bf5 21. Ne6 Qd7 22.
Nxg7 Kxg7 23. Bh6+ Kg8 24. Bg5 Ng4 25. Ne4 Bxe4 26. Bxe4 Rf8 27. Rf1 Rae8 28.
Bg2 Ne5 29. f4 Nc4 30. Qc3 Ne3 31. Rfe1 Nbc2 32. Bh6 Rf7 33. Re2 Nxa1 34. Rxe3
Rxe3 35. Qxe3 Re7 36. Bh3 Rxe3 37. Bxd7 Re2 38. f5 Kf7 39. fxg6+ hxg6 40. Bf4
Ke7 41. Bb5 Rxb2 42. Bg5+ Kf7 43. Bf4 Nc2 44. Bxd6 Ne3 45. Bc6 Rg2+ 46. Kh1 Rd2
0-1

[Event "17. European Team Championship 2009"]
[Site "Novi Sad SRB"]
[Date "2009.10.24"]
[Round "3.14"]
[White "Gustafsson, Jan"]
[Black "Mamedov, Rauf"]
[Result "1/2-1/2"]
[WhiteElo "2622"]
[BlackElo "2626"]
[PlyCount "55"]
[EventDate "2009.10.22"]
[EventType "team"]
[EventRounds "9"]
[EventCountry "SER"]
[Source "lmi"]
[SourceDate "2009.10.22"]

1. d4 d6 2. Nf3 g6 3. c4 Bg7 4. Nc3 Bg4 5. e3 Nf6 6. h3 Bxf3 7. Qxf3 c6 8. Bd2
Nbd7 9. g4 h6 10. h4 e5 11. O-O-O Qe7 12. Bd3 O-O-O 13. h5 d5 14. cxd5 cxd5 15.
Kb1 e4 16. Qg3 Nb8 17. Bb5 Qd6 18. Qh3 Nbd7 19. f3 Kb8 20. fxe4 Nxe4 21. Nxe4
dxe4 22. hxg6 fxg6 23. Qg2 Qd5 24. Ba4 Nf6 25. Qg3+ Ka8 26. Qc7 Bf8 27. Qf4 Be7
28. Bb3 1/2-1/2

[Event "17. European Team Championship 2009"]
[Site "Novi Sad SRB"]
[Date "2009.10.24"]
[Round "3.21"]
[White "Aronian, Levon"]
[Black "Ivanisevic, Ivan"]
[Result "1-0"]
[WhiteElo "2773"]
[BlackElo "2614"]
[PlyCount "169"]
[EventDate "2009.10.22"]
[EventType "team"]
[EventRounds "9"]
[EventCountry "SER"]
[Source "lmi"]
[SourceDate "2009.10.22"]

1. d4 e6 2. Nf3 c5 3. g3 Nf6 4. Bg2 cxd4 5. O-O d5 6. Nxd4 e5 7. Nf3 e4 8. Nd4
Bc5 9. Bg5 Nbd7 10. Nc3 Nb6 11. a4 Be6 12. Nxe6 fxe6 13. Bh3 h6 14. Bxf6 Qxf6
15. e3 Qe5 16. a5 Nc4 17. b3 Nd6 18. Ne2 g5 19. c4 dxc4 20. b4 Bxb4 21. Qa4+
Qb5 22. Qxb5+ Nxb5 23. Rfb1 Bc3 24. Ra4 a6 25. Bxe6 Be5 26. Bxc4 Nd6 27. Bd5
O-O-O 28. Rb6 Rh7 29. Nd4 Bxd4 30. Rxd4 Re7 31. Bb3 Kc7 32. Rd5 Ree8 33. Kg2
Re7 34. Bd1 Nf7 35. Rc5+ Kb8 36. Be2 Rd6 37. Rf5 Rxb6 38. axb6 Kc8 39. Rf6 Kd8
40. h4 gxh4 41. gxh4 Ne5 42. Rxh6 Rg7+ 43. Kf1 Ke7 44. Rh8 Nf3 45. Bxf3 exf3
46. h5 Rg5 47. h6 Rb5 48. Ke1 Kf7 49. Rb8 Kg6 50. Rxb7 Kxh6 51. Rf7 Rxb6 52.
Rxf3 Kg5 53. Rf4 a5 54. Ra4 Ra6 55. Kd2 Kf5 56. Kc3 Ke5 57. Kb3 Rb6+ 58. Kc3
Ra6 59. f3 Ra8 60. Kb3 Rb8+ 61. Kc4 Rc8+ 62. Kd3 Ra8 63. Kc3 Ra7 64. Kc4 Rc7+
65. Kb3 Rb7+ 66. Ka3 Ra7 67. Re4+ Kf5 68. Ka4 Rb7 69. Kxa5 Rb1 70. Rb4 Re1 71.
Rf4+ Ke5 72. Re4+ Kd5 73. Kb4 Rf1 74. Rd4+ Ke5 75. f4+ Kf5 76. Rd5+ Kg4 77. Kc5
Rc1+ 78. Kd6 Rc3 79. Rg5+ Kf3 80. Re5 Kg4 81. Ke6 Ra3 82. Kf6 Ra6+ 83. Re6 Ra5
84. Kg6 Rf5 85. Re4 1-0

[Event "17. European Team Championship 2009"]
[Site "Novi Sad SRB"]
[Date "2009.10.24"]
[Round "3.22"]
[White "Solak, Dragan"]
[Black "Sargissian, Gabriel"]
[Result "1-0"]
[WhiteElo "2583"]
[BlackElo "2678"]
[PlyCount "103"]
[EventDate "2009.10.22"]
[EventType "team"]
[EventRounds "9"]
[EventCountry "SER"]
[Source "lmi"]
[SourceDate "2009.10.22"]

1. e4 e5 2. Nf3 Nc6 3. Bb5 Nf6 4. d3 Bc5 5. Bxc6 dxc6 6. h3 Nd7 7. Nbd2 O-O 8.
Nf1 Re8 9. Be3 Bd6 10. Ng3 Nf8 11. Qd2 c5 12. O-O Ne6 13. Nf5 Nd4 14. Bxd4 cxd4
15. Nxd6 cxd6 16. c3 dxc3 17. Qxc3 Qf6 18. d4 exd4 19. Qd3 b6 20. Rfe1 Bb7 21.
Nxd4 d5 22. exd5 Bxd5 23. b3 h6 24. Rxe8+ Rxe8 25. Rd1 Be4 26. Qe3 Bc6 27. Qc1
Ba8 28. Qd2 Rd8 29. Qe3 Bb7 30. Rd2 Rd5 31. Qe8+ Kh7 32. Qe4+ g6 33. Qd3 Rg5
34. f3 Qf4 35. Ne6 Qf6 36. Nxg5+ Qxg5 37. Kh1 Bc8 38. Qd5 Qf4 39. Qd6 Qe3 40.
Kh2 Be6 41. Qd4 Qe1 42. Qf2 Qc1 43. Re2 Qd1 44. Qe3 a5 45. Qd2 Qb1 46. Qb2 Qf5
47. Qe5 Qd3 48. Re4 Qd8 49. Rd4 Qe7 50. Rd6 b5 51. Rb6 b4 52. f4 1-0

[Event "17. European Team Championship 2009"]
[Site "Novi Sad SRB"]
[Date "2009.10.24"]
[Round "3.24"]
[White "Perunovic, Milos"]
[Black "Petrosian, Tigran L"]
[Result "1/2-1/2"]
[WhiteElo "2572"]
[BlackElo "2602"]
[PlyCount "133"]
[EventDate "2009.10.22"]
[EventType "team"]
[EventRounds "9"]
[EventCountry "SER"]
[Source "lmi"]
[SourceDate "2009.10.22"]

1. e4 d6 2. d4 Nf6 3. Nc3 g6 4. Bg5 Bg7 5. Qd2 h6 6. Bh4 g5 7. Bg3 Nh5 8. O-O-O
Nc6 9. Qe3 e5 10. dxe5 Nxe5 11. Bxe5 Bxe5 12. g3 Be6 13. Nf3 Bg7 14. Nd4 Nf6
15. Nxe6 fxe6 16. e5 Ng4 17. Qe4 Nxe5 18. f4 Nf7 19. Qxe6+ Qe7 20. Qg6 Bxc3 21.
bxc3 Qe3+ 22. Kb2 Qb6+ 23. Ka1 Kf8 24. Bc4 d5 25. Qf5 c6 26. fxg5 hxg5 27. Rhf1
Qc7 28. Bd3 Re8 29. Qxg5 Qe5 30. Qd2 Kg7 31. Rde1 Qd6 32. Rxe8 Rxe8 33. Qf2 Re7
34. Qf5 Qe5 35. Qh7+ Kf8 36. Kb2 Qg7 37. Qf5 Ke8 38. Qc8+ Nd8 39. Rf4 Qh6 40.
Rg4 Rg7 41. Bf5 Qf6 42. Rh4 Qd6 43. Bd3 Ke7 44. Qf5 Qf6 45. Qh5 Ne6 46. Qh8 Qf8
47. Qxf8+ Kxf8 48. c4 Ke7 49. cxd5 cxd5 50. Bf5 Ng5 51. Rh6 Nf3 52. Kc3 Kf8 53.
Kd3 Rg5 54. Bc8 Kg7 55. Rh3 Ng1 56. Rh4 Nf3 57. Ra4 Nxh2 58. Rxa7 Kf6 59. Rxb7
Ke5 60. g4 Nxg4 61. Bxg4 Rxg4 62. Kc3 Kd6 63. Kb3 Kc5 64. Rc7+ Kb6 65. Rc3 Kb5
66. a3 Rf4 67. Rh3 1/2-1/2

[Event "17. European Team Championship 2009"]
[Site "Novi Sad SRB"]
[Date "2009.10.24"]
[Round "3.31"]
[White "Shirov, Alexei"]
[Black "Sutovsky, Emil"]
[Result "1/2-1/2"]
[WhiteElo "2730"]
[BlackElo "2676"]
[PlyCount "38"]
[EventDate "2009.10.22"]
[EventType "team"]
[EventRounds "9"]
[EventCountry "SER"]
[Source "lmi"]
[SourceDate "2009.10.22"]

1. e4 c5 2. Nf3 d6 3. d4 cxd4 4. Nxd4 Nf6 5. Nc3 a6 6. Be3 e5 7. Nb3 Be6 8. f4
exf4 9. Bxf4 Nc6 10. Qe2 Rc8 11. h3 Nb4 12. Nd4 Qb6 13. Nxe6 fxe6 14. a3 Nbd5
15. Nxd5 Qxb2 16. Rc1 exd5 17. exd5+ Be7 18. Qe6 Kd8 19. Bd3 Re8 1/2-1/2

[Event "17. European Team Championship 2009"]
[Site "Novi Sad SRB"]
[Date "2009.10.24"]
[Round "3.34"]
[White "Avrukh, Boris"]
[Black "Lopez Martinez, Josep Manuel"]
[Result "1-0"]
[WhiteElo "2668"]
[BlackElo "2570"]
[PlyCount "97"]
[EventDate "2009.10.22"]
[EventType "team"]
[EventRounds "9"]
[EventCountry "SER"]
[Source "lmi"]
[SourceDate "2009.10.22"]

1. d4 Nf6 2. c4 g6 3. g3 Bg7 4. Bg2 O-O 5. Nc3 d6 6. Nf3 Nbd7 7. O-O e5 8. e4
c6 9. h3 Re8 10. Re1 a5 11. Be3 exd4 12. Nxd4 a4 13. Qc2 Nc5 14. Rad1 Qa5 15.
f4 Qb4 16. a3 Qa5 17. Bf2 Nfd7 18. Na2 Na6 19. Nf3 Bf8 20. Bd4 Nac5 21. Kh2 Qc7
22. Nc3 Qa5 23. Na2 Qc7 24. Nb4 Nb3 25. Bc3 Ndc5 26. Nd4 Nxd4 27. Bxd4 Nb3 28.
Bf6 Nc5 29. Qf2 Be6 30. Bc3 Nb3 31. Nc2 Bg7 32. Bxg7 Kxg7 33. f5 Bc8 34. Qf4 f6
35. fxg6 hxg6 36. Rxd6 Re6 37. Red1 Rxd6 38. Rxd6 Qe7 39. Rd1 Be6 40. e5 Bf7
41. exf6+ Qxf6 42. Qc7 Qxb2 43. Rf1 Rf8 44. Ne3 Nc5 45. Ng4 Ne6 46. Qe7 Nd8 47.
Ne5 Qd4 48. Rf4 Qb2 49. Rg4 1-0

[Event "17. European Team Championship 2009"]
[Site "Novi Sad SRB"]
[Date "2009.10.24"]
[Round "3.42"]
[White "Berkes, Ferenc"]
[Black "Mchedlishvili, Mikheil"]
[Result "1/2-1/2"]
[WhiteElo "2663"]
[BlackElo "2613"]
[PlyCount "87"]
[EventDate "2009.10.22"]
[EventType "team"]
[EventRounds "9"]
[EventCountry "SER"]
[Source "lmi"]
[SourceDate "2009.10.22"]

1. d4 d5 2. Bf4 Nf6 3. e3 c5 4. c3 Nc6 5. Nd2 cxd4 6. exd4 Bf5 7. Qb3 Qc8 8.
Ngf3 e6 9. Be2 Be7 10. O-O O-O 11. Rac1 Ne4 12. Nxe4 Bxe4 13. Qd1 Bxf3 14. Bxf3
Qd7 15. Be2 Bd6 16. Be3 Ne7 17. Bd3 Nf5 18. Bd2 g6 19. Re1 Rfe8 20. g3 Bf8 21.
a4 a6 22. a5 Nd6 23. h4 Rac8 24. b3 Bg7 25. h5 f5 26. hxg6 hxg6 27. f3 Kf7 28.
Kg2 Rh8 29. Qe2 Rh7 30. Rh1 Rxh1 31. Rxh1 Nb5 32. Qe1 Nd6 33. Bf4 Rh8 34. Rxh8
Bxh8 35. Qe3 Nb5 36. Qc1 Bg7 37. Be5 Qc6 38. Qg5 Qxc3 39. Bxg7 Kxg7 40. Qe7+
Kh6 41. Bxb5 axb5 42. Qf8+ Kh7 43. Qf7+ Kh6 44. Qf8+ 1/2-1/2